00600nam a2200181Ia 4500001001000000003000500010008004100015010001100056040000900067082001900076100003000095245010000125300001000225440001700235500011200252650004300364650001100407Para_7700CHAP220125s9999 xx 000 0 und d a206719 cCHAP aPA-C 595.77 D5 aTownsend, Charles H.Tyler aDíagnoses of new genera of muscoid flies founded on old species /c by Charles H.T. Townsend a17 p. aDíptera; 4 aSobretiro de: Proceedings U.S. National Museum 49 (2128): 617-633 Encuadernado con otros impresos similares aDípteros x colecciones de escritos  aMoscas